Business Research Methods. (Record no. 7770)
[ view plain ]
| 000 -LEADER | |
|---|---|
| fixed length control field | 00413nam a22001577a 4500 |
| 008 - FIXED-LENGTH DATA ELEMENTS--GENERAL INFORMATION | |
| fixed length control field | 190327b ||||| |||| 00| 0 eng d |
| 020 ## - INTERNATIONAL STANDARD BOOK NUMBER | |
| International Standard Book Number | 978019874781 |
| 082 ## - DEWEY DECIMAL CLASSIFICATION NUMBER | |
| Classification number | 658.072 B92b 2015 |
| 100 ## - MAIN ENTRY--PERSONAL NAME | |
| Personal name | Bryman, Alan |
| 245 ## - TITLE STATEMENT | |
| Title | Business Research Methods. |
| 250 ## - EDITION STATEMENT | |
| Edition statement | 4th ed. |
| 260 ## - PUBLICATION, DISTRIBUTION, ETC. | |
| Place of publication, distribution, etc. | United Kingdom ; |
| Name of publisher, distributor, etc. | Oxford University Press, |
| Date of publication, distribution, etc. | 2015. |
| 300 ## - PHYSICAL DESCRIPTION | |
| Extent | xv, 584 p. |
| Dimensions | 27 cm. |
| 700 ## - ADDED ENTRY--PERSONAL NAME | |
| Personal name | Bell, Emma |
| 942 ## - Added entry Elements (Koha) | |
| Source of classification or shelving scheme | Dewey Decimal Classification |
| Withdrawn status | Lost status | Source of classification or shelving scheme | Damaged status | Not for loan | Collection code | Home library | Current library | Shelving location | Date acquired | Serial Enumeration / chronology | Total Checkouts | Total Renewals | Full call number | Barcode | Date last seen | Date last checked out | Price effective from | Koha item type |
|---|---|---|---|---|---|---|---|---|---|---|---|---|---|---|---|---|---|---|
| Dewey Decimal Classification | Main TEST | RTC Library | RTC Library | Main opac | 27/03/2019 | 13590 | 2 | 4 | 658.07 BRY | 30013730 | 03/12/2019 | 15/10/2019 | 27/03/2019 | Main |